Sampling methods for applied research text and cases /
Sparad:
| Huvudupphovsman: | |
|---|---|
| Materialtyp: | Bok |
| Språk: | English |
| Publicerad: |
New York :
John Wiley & Sons,
1996.
|
| Ämnen: | |
| Taggar: |
Lägg till en tagg
Inga taggar, Lägg till första taggen!
|
| Thư viện lưu trữ: | Mạng thư viện Đại học Đà Nẵng |
|---|
| LEADER | 00855cmm a2200325 i 4500 | ||
|---|---|---|---|
| 001 | 000050000 | ||
| 003 | 10178 | ||
| 005 | 20030212102223.0 | ||
| 008 | 010427|1996 vm 000 eng | ||
| 020 | |a 0471047279 | ||
| 040 | |a IRC |c IRC |d IRC | ||
| 041 | 0 | |a eng | |
| 082 | 1 | 4 | |a 519.52 |b TR-P |
| 100 | 1 | |a Tryfos, Peter. | |
| 245 | 0 | 0 | |a Sampling methods for applied research |h [Float Disk-Đĩa mềm] : |b text and cases / |c Peter Tryfos. |
| 260 | |a New York : |b John Wiley & Sons, |c 1996. | ||
| 300 | |a 1 computer disk ; |c 3 1/2 in. | ||
| 630 | 0 | 4 | |a Statistics. |
| 630 | 0 | 4 | |a Sampling. |
| 650 | 0 | 4 | |a Sampling (Statistics) |
| OWN | |a DUT | ||
| 999 | |a From the UDN01 | ||
| TYP | |a Computer file | ||
| TYP | |a Monograph | ||
| 980 | |a Mạng thư viện Đại học Đà Nẵng | ||


